Los romanos / (Registro nro. 48708)

Detalles MARC
000 -LEADER
fixed length control field 01026nam a2200313 4500
001 - CONTROL NUMBER
control field 0000015215
003 - CONTROL NUMBER IDENTIFIER
control field CO-CtgCURN
005 - DATE AND TIME OF LATEST TRANSACTION
control field 20250508154623.0
008 - FIXED-LENGTH DATA ELEMENTS--GENERAL INFORMATION
fixed length control field 160627s1994 000 0 eng d
020 ## - INTERNATIONAL STANDARD BOOK NUMBER
International Standard Book Number 9681600045
040 ## - CATALOGING SOURCE
Original cataloging agency CO-CtgCURN
Language of cataloging spa
Transcribing agency coctgcurn
082 0# - DEWEY DECIMAL CLASSIFICATION NUMBER
Classification number 936.204
Item number B278r
100 1# - MAIN ENTRY--PERSONAL NAME
Personal name Barrow, Reginald Haynes.
245 14 - TITLE STATEMENT
Title Los romanos /
Statement of responsibility, etc. por R. H. Barrow , traducción de Margarita Villegas de Robles.
250 ## - EDITION STATEMENT
Edition statement 2a ed.
260 ## - PUBLICATION, DISTRIBUTION, ETC.
Place of publication, distribution, etc. Mexico :
Name of publisher, distributor, etc. Fondo de Cultura Economica,
Date of publication, distribution, etc. 1994.
300 ## - PHYSICAL DESCRIPTION
Extent 220 p.
336 ## - CONTENT TYPE
Source rdacontent
337 ## - MEDIA TYPE
Source rdamedia
Media type term sin mediacion
Media type code n
338 ## - CARRIER TYPE
Source rdacarrier
Carrier type term volumen
Carrier type code nc
500 ## - GENERAL NOTE
General note Cronología sumaria al final del vol \ Titulo original. : The romans.
650 #0 - SUBJECT ADDED ENTRY--TOPICAL TERM
Topical term or geographic name entry element Civilización latina.
651 #0 - SUBJECT ADDED ENTRY--GEOGRAPHIC NAME
Geographic name Roma
General subdivision Historia.
651 #0 - SUBJECT ADDED ENTRY--GEOGRAPHIC NAME
Geographic name Roma
General subdivision Civilización.
700 1# - ADDED ENTRY--PERSONAL NAME
Personal name Villegas de Robles, Margarita.
908 ## - PUT COMMAND PARAMETER (RLIN)
Put command parameter 160627
942 ## - ADDED ENTRY ELEMENTS (KOHA)
Koha item type Libros
Classification part 936.204
Item part B278r
Source of classification or shelving scheme Dewey Decimal Classification
Existencias
Withdrawn status Lost status Source of classification or shelving scheme Damaged status Not for loan Collection Home library Current library Shelving location Date acquired Inventory number Total checkouts Full call number Barcode Date last seen Price effective from Koha item type Public note
    Dewey Decimal Classification     General Miguel Henríquez Castañeda Miguel Henríquez Castañeda General 03/04/2019 015278   936.204 B278r 015278 03/04/2019 03/04/2019 Libros 930-HISTMA